000 00359cam a22001097a 4500
008 180718b xxu||||| |||| 00| 0 eng d
082 _aP11x54
100 _aIndia. Ministry of Education
245 _aHead Masters on Secondary Education
_cby Ministry of Education
260 _aNew Delhi
_bMinistry of EducationPresident's Press Rashtrapati Bhawan
_c
300 _a40p.
999 _c494505
_d494505